Normal view
MARC view
- العلف في الزراعة
Entry Topical Term
001 - CONTROL NUMBER
- control field: 37555
003 - CONTROL NUMBER IDENTIFIER
- control field: JO-AjAnu
005 - DATE AND TIME OF LATEST TRANSACTION
- control field: 20230606080248.0
008 - FIXED-LENGTH DATA ELEMENTS
- fixed length control field: 230606|| aca||aabn | a|a d
040 ## - CATALOGING SOURCE
- Original cataloging agency: JO-AjAnu
- Transcribing agency: JO-AjAnu
150 ## - HEADING--TOPICAL TERM
- Topical term or geographic name entry element: العلف في الزراعة
670 ## - SOURCE DATA FOUND
- Source citation: Work cat.: (JO-AjAnu)19269: التميمي ، مهدي عبداللطيف, author 37554, زراعة واستغلال الاعلاف